La dinámica de la innovación organizacional (Record no. 53797)

MARC details
000 -LEADER
fixed length control field 01182nam a22002537a 4500
005 - DATE AND TIME OF LATEST TRANSACTION
control field 20260226133707.0
008 - FIXED-LENGTH DATA ELEMENTS--GENERAL INFORMATION
fixed length control field 260226b mx ||||| |||| 00| 0 spa d
020 ## - INTERNATIONAL STANDARD BOOK NUMBER
International Standard Book Number 9706134468
050 04 - LIBRARY OF CONGRESS CALL NUMBER
Classification number HD58.8
Item number A38 1999
100 1# - MAIN ENTRY--PERSONAL NAME
Personal name Afuah, Allan
240 10 - UNIFORM TITLE
Uniform title Innovation management
Medium : strategies, implementation and profits.
Language of a work Español
245 13 - TITLE STATEMENT
Title La dinámica de la innovación organizacional
Remainder of title : el nuevo concepto para lograr ventajas competitivas y rentabilidad
Statement of responsibility, etc / Allan Afuah ; traducción: Daniel Rey Díaz ; revisión técnica: Alicia Vega Sosa, Noé Urzúa Bustamante.
250 ## - EDITION STATEMENT
Edition statement 1a ed.
260 ## - PUBLICATION, DISTRIBUTION, ETC. (IMPRINT)
Place of publication, distribution, etc México :
Name of publisher, distributor, etc Oxford University Press México,
Date of publication, distribution, etc 1999
300 ## - PHYSICAL DESCRIPTION
Extent xi, 496 p. :
Other physical details il. ;
Dimensions 23 cm.
504 ## - BIBLIOGRAPHY, ETC. NOTE
Bibliography, etc Incluye apéndices, bibliografías, glosario e índice
650 #7 - SUBJECT ADDED ENTRY--TOPICAL TERM
Source of heading or term lemb
Topical term or geographic name as entry element Transformaciones corporativas
General subdivision Cambio organizacional
Geographic subdivision
650 #7 - SUBJECT ADDED ENTRY--TOPICAL TERM
Source of heading or term lemb
Topical term or geographic name as entry element Administración industrial
General subdivision Desarrollo organizacional
-- Gestión industrial
650 #7 - SUBJECT ADDED ENTRY--TOPICAL TERM
Source of heading or term lemb
Topical term or geographic name as entry element Sociedades anónimas
General subdivision Finanzas
700 1# - ADDED ENTRY--PERSONAL NAME
Personal name Rey Díaz, Daniel
Relator term traductor
700 1# - ADDED ENTRY--PERSONAL NAME
Personal name Vega Sosa, Alicia
Relator term revisor técnico
700 1# - ADDED ENTRY--PERSONAL NAME
Personal name Urzúa Bustamante, Noé
Relator term revisor técnico
942 ## - ADDED ENTRY ELEMENTS (KOHA)
Source of classification or shelving scheme Biblioteca del Cogreso de los Estados Unidos
Koha item type Libro
Holdings
Estado de pérdida Fuente de clasificación Estado del daño No para préstamo Ubicación permanente Ubicación actual Apartado o colección Fecha de adquisición Fuente de adquisición Edición Dependencia de educación superior (DES) Área del conocimiento Clasificación Código de Barras Date last seen Número de copia Costo por reposición Tipo de recurso Enumeración de Serie / Cronológica Nota pública
  Biblioteca del Cogreso de los Estados Unidos   Uso interno Biblioteca Biblioteca de la Facultad de Contaduría y Ciencias Administrativas Biblioteca de la Facultad de Contaduría y Ciencias Administrativas General 02/06/2014 Unidad Académica 1a ed. Ciencias Económico Administrativas Ciencias Sociales y Administrativas HD58.8 A38 1999 BCCA000002201 16/01/2015 1 350.00 Libro    
  Biblioteca del Cogreso de los Estados Unidos     Biblioteca de la Facultad de Contaduría y Ciencias Administrativas Biblioteca de la Facultad de Contaduría y Ciencias Administrativas General 02/06/2014 Unidad Académica 1a ed Ciencias Económico Administrativas Ciencias Sociales y Administrativas HD58.8 A38 1999 BCCA000002202 16/01/2015 2 350.00 Libro    
  Biblioteca del Cogreso de los Estados Unidos   Uso interno Biblioteca Biblioteca de la Facultad de Economía Biblioteca de la Facultad de Economía General 26/02/2026 Dirección General de Bibliotecas Generico 1a ed. Ciencias Económico Administrativas Ciencias Sociales y Administrativas HD58.8 A38 1999 BFE000011914 16/05/2017 1 1.00 Libro Traducido de la 1a ed. en inglés a la 1a ed. en español
  Biblioteca del Cogreso de los Estados Unidos     Biblioteca de la Facultad de Economía Biblioteca de la Facultad de Economía General 26/02/2026 Dirección General de Bibliotecas Generado 1a ed. Ciencias Económico Administrativas Ciencias Sociales y Administrativas HD58.8 A38 1999 BFE000011915 16/05/2017 2 1.00 Libro Traducido de la 1a ed. en inglés a la 1a ed. en español
  Biblioteca del Cogreso de los Estados Unidos     Biblioteca de la Facultad de Economía Biblioteca de la Facultad de Economía General 26/02/2026 Posgrado Unidad Académica 1a ed. Ciencias Económico Administrativas Ciencias Sociales y Administrativas HD58.8 A38 1999 BFE000014655 05/10/2018 3 1.00 Libro   Traducido de la 1a ed. en inglés a la 1a ed. en español
  Biblioteca del Cogreso de los Estados Unidos     Biblioteca de la Unidad de Ciencias Ingeniería y Humanidades Biblioteca de la Unidad de Ciencias Ingeniería y Humanidades General 12/03/2019   1a. ed.   Ciencias Sociales y Administrativas HD58.8 A48 1999 BCU000006110 12/03/2019 C:1   Libro    
  Biblioteca del Cogreso de los Estados Unidos     Biblioteca de la Unidad de Ciencias Ingeniería y Humanidades Biblioteca de la Unidad de Ciencias Ingeniería y Humanidades General 12/03/2019   1a. ed.   Ciencias Sociales y Administrativas HD58.8 A48 1999 BCU000006111 12/03/2019 C:2   Libro